Úplné znenie zákona NR SR č. 289/1995 Z.z. o dani z pridanej hodnoty...

Úplné znenie zákona NR SR č. 289/1995 Z.z. o dani z pridanej hodnoty v znení neskorších zákonov a zákona NR SR č. 371/1997 Z.z. s výkladom. Príloha zákona č. 371/1997 Z.z. Zoznam tovarov a služieb podliehajúcich sadzbe dane 6 perc. Príloha č. 2 - Zoznam tovarov, ktoré sa pevne zabudovávajú ako súčas...

Full description

Saved in:
Bibliographic Details
Main Author: Jablonková, Zdenka
Format: Book Chapter
Language:Slovak
Subjects:
Tags: Add Tag
No Tags, Be the first to tag this record!

MARC

LEADER 00000naa a2200000 4500
001 r031024
005 20230912112446.0
041 0 |a slo 
044 |a SK 
245 1 0 |a Úplné znenie zákona NR SR č. 289/1995 Z.z. o dani z pridanej hodnoty...  |c Zdenka Jablonková 
520 |a Úplné znenie zákona NR SR č. 289/1995 Z.z. o dani z pridanej hodnoty v znení neskorších zákonov a zákona NR SR č. 371/1997 Z.z. s výkladom. Príloha zákona č. 371/1997 Z.z. Zoznam tovarov a služieb podliehajúcich sadzbe dane 6 perc. Príloha č. 2 - Zoznam tovarov, ktoré sa pevne zabudovávajú ako súčasť stavby a ktoré podliehajú sadzbe dane 23 perc. 
610 2 0 |a dane z hodnoty pridanej 
610 2 0 |a sadzby daňové 
610 2 0 |a tovar 
610 2 0 |a služby 
610 2 0 |a zákony 
610 2 0 |a Slovensko 
610 2 0 |a 1995-1997 
610 2 0 |a komentáre 
100 1 |a Jablonková, Zdenka